Poetas líricos de los siglos XVI y XVII
Salvato in:
| Autori principali: | , , , , , , , , , , , , , , , , |
|---|---|
| Altri autori: | |
| Natura: | Libro |
| Lingua: | spagnolo |
| Pubblicazione: |
Madrid
Imprenta de los Sucesores de Hernando
1911
|
| Edizione: | 1a. ed |
| Serie: | Biblioteca de Autores Españoles, XXXII, XLII
|
| Soggetti: | |
| Tags: |
Aggiungi Tag
Nessun Tag, puoi essere il primo ad aggiungerne!!
|
MARC
| LEADER | 00000nam a2200000 a 4500 | ||
|---|---|---|---|
| 001 | UCJ7115 | ||
| 003 | CL-VaPUC | ||
| 008 | 070124e19110000SP |||||||||||||||||spa|d | ||
| 082 | 0 | 4 | |a 860 |b CAS |2 21 |
| 100 | 0 | |a Castro, Alfonso de |e author |9 515073 | |
| 700 | |a VEGA, GARCILASO DE LA |e author |9 508868 | ||
| 700 | 0 | |a Cetina, Gutierre de |e author |9 508888 | |
| 700 | |a Hurtado de Mendoza, Diego |e author |9 374348 | ||
| 700 | 0 | |a Castillejo, Cristóbal de |e author |9 515074 | |
| 700 | 0 | |a Herrera, Fernando de |e author |9 317837 | |
| 700 | 0 | |a Medrano, Francisco de |e author |9 515075 | |
| 700 | 0 | |a Céspedes, Pablo de |e author |9 515076 | |
| 700 | |a Pacheco del Río, Francisco |e autor |9 487772 | ||
| 700 | 0 | |a Rioja, Francisco de |e author |9 515078 | |
| 700 | 0 | |a Arguijo, Juan de |e author |9 515079 | |
| 700 | 0 | |a Quirós, Pedro de |e author |9 515080 | |
| 700 | 0 | |a Salinas, Juan de |e author |9 515081 | |
| 700 | 0 | |a Alcázar, Baltasar del |e author |9 515082 | |
| 700 | 0 | |a Góngora, Luis de |e author |9 515083 | |
| 700 | 0 | |a Polo de Medina, Salvador Jacinto |e author |9 515084 | |
| 700 | 0 | |a Argensola, lupercio |e author |9 515085 | |
| 700 | 0 | |a Argensola, Bartolomé Leonardo |e author |9 515086 | |
| 245 | 1 | 0 | |a Poetas líricos de los siglos XVI y XVII |
| 246 | 1 | 3 | |a La perromaquia |
| 246 | 1 | 0 | |a Definiciones poéticas, morales y cristianas |
| 246 | 1 | 0 | |a Proverbios morales |
| 250 | |a 1a. ed | ||
| 300 | |a 2 v | ||
| 942 | |c BK | ||
| 945 | |d 20070124 00:00:00 |a rinostro | ||
| 260 | |a Madrid |b Imprenta de los Sucesores de Hernando |c 1911 | ||
| 500 | |a 8§, pasta española.- Anteport.- v. en b.- Port.- v. en b.- | ||
| 600 | 0 | 7 | |a FELIPE IV, DE ESPAÑA |2 CL-VaPUC |9 515049 |
| 650 | 0 | |a Poesía española |9 264938 | |
| 650 | 0 | |a Crítica literaria |9 269189 | |
| 650 | 7 | |a BIOGRAFIA |2 CL-VaPUC |9 504622 | |
| 650 | 7 | |a POESIA MORISCA |2 CL-VaPUC |9 515087 | |
| 650 | 7 | |a POESIA JUDAICA |2 CL-VaPUC |9 515088 | |
| 583 | |a last modification |c 20141028 02:15:37 |k Rodrigo Vera | ||
| 490 | 0 | |a Biblioteca de Autores Españoles, XXXII, XLII | |
| 999 | |c 323215 |d 323213 | ||
| 952 | |0 0 |1 0 |4 0 |6 860_000000000000000_CAS_1911 |7 0 |8 X |9 402623 |a FDOBUD |b FDOBUD |d 2019-11-22 |h v.1 |i 1058762 |o 860 CAS 1911 |p 1058762 |r 2019-11-22 |w 2019-11-22 |y BK_X |k BUD | ||
| 952 | |0 0 |1 0 |4 0 |6 860_000000000000000_CAS_1911 |7 0 |8 X |9 402624 |a FDOBUD |b FDOBUD |d 2019-11-22 |h v.2 |i 1058770 |o 860 CAS 1911 |p 1058770 |r 2019-11-22 |w 2019-11-22 |y BK_X |k BUD | ||